| 000 | 00571nam a22001577a 4500 | ||
|---|---|---|---|
| 020 | _qHard Cover. | ||
| 082 | _a621.3 | ||
| 100 | _aRasul, Izza | ||
| 245 |
_aState Feedback Control and state Estimation of Quadrotor UAV Through Liner Matrix Inequality and Convex Optimization Approach / _cIzza Rasul |
||
| 260 |
_aIslamabad : _bCEME - NUST, _c2016. |
||
| 300 |
_axiv, 41 p. : ill. ; _c30cm. |
||
| 650 |
_aElectrical Engineering-MS-Thesis _916073 |
||
| 700 |
_aDr. Fahad Mumtaz Malik. _917335 |
||
| 942 |
_2ddc _cTHE |
||
| 999 |
_c540567 _d540567 |
||